COMENTARIOS BÍBLICOS que iluminan el nuevo milenio: (Record no. 7418)

MARC details
000 -LEADER
campo de control de longitud fija 00903nam a2200253 a 4500
003 - IDENTIFICADOR DE NÚMERO DE CONTROL
campo de control Co-PeBPM
005 - FECHA Y HORA DE LA ÚLTIMA TRANSACCIÓN
campo de control 20251026220333.0
008 - DATOS DE LONGITUD FIJA--INFORMACIÓN GENERAL
campo de control de longitud fija 231129s2000||||xx |||||||||||||| ||spa||
020 ## - NÚMERO INTERNACIONAL ESTÁNDAR DEL LIBRO
Número Internacional Estándar del Libro 958-669-246-9
040 ## - FUENTE DE CATALOGACIÓN
Lengua de catalogación spa
Centro catalogador/agencia de origen Co-PeBPM
Centro/agencia transcriptor Co-PeBPM
Normas de descripción RDA
041 ## - CÓDIGO DE IDIOMA
Código de lengua del texto/banda sonora o título independiente spa
082 ## - NÚMERO DE LA CLASIFICACIÓN DECIMAL DEWEY
Número de clasificación 242.33 L789c
100 ## - ENTRADA PRINCIPAL--NOMBRE DE PERSONA
Nombre de persona Lizarraga, Cándido Martí­n (Padre)
Término indicativo de función/relación Autor
245 #0 - MENCIÓN DEL TÍTULO
Título COMENTARIOS BÍBLICOS que iluminan el nuevo milenio:
Resto del título Feriados del Tiempo Ordinario. Años impares.
Número de parte o sección de la obra TOMO IV
250 ## - MENCION DE EDICION
Mención de edición Primera
260 ## - PUBLICACIÓN, DISTRIBUCIÓN, ETC.
Fecha de publicación, distribución, etc. 2000
264 ## - PRODUCCIÓN, PUBLICACIÓN, DISTRIBUCIÓN, FABRICACIÓN Y COPYRIGHT
Producción, publicación, distribución, fabricación y copyright Bogotá (Colombia) : Ediciones Paulinas, 2000
300 ## - DESCRIPCIÓN FÍSICA
Extensión 502 páginas;
Dimensiones 20cms
490 ## - MENCIÓN DE SERIE
Mención de serie Colección Homilías
Designación de volumen o secuencia Tomo IV
500 ## - NOTA GENERAL
Nota general Incluye índice
505 ## - NOTA DE CONTENIDO CON FORMATO
Nota de contenido con formato Incluye índice y Biografía en la contraportada del libro
650 ## - PUNTO DE ACCESO ADICIONAL DE MATERIA--TÉRMINO DE MATERIA
Término de materia o nombre geográfico como elemento de entrada Biblia
942 ## - ELEMENTOS DE ENTRADA SECUNDARIOS (KOHA)
Fuente del sistema de clasificación o colocación Clasificación Decimal Dewey
Tipo de ítem Koha Libros
Edición Primera
Parte de la signatura que corresponde a la clasificación (Parte de la clasificación) 242.33
Parte de la signatura que identifica el ejemplar (Parte del ítem) L789c
Suprimir en OPAC No
Holdings
Estatus retirado Estado de pérdida Fuente del sistema de clasificación o colocación Estado de daño No para préstamo Colección Biblioteca de origen Biblioteca actual Ubicación en estantería Fecha de adquisición Fuente de adquisición Total de préstamos Signatura topográfica completa Código de barras Visto por última vez Copia número Precio de reemplazo Tipo de ítem Koha
    Clasificación Decimal Dewey     General BIBLIOTECA PÚBLICA MUNICIPAL RAMON CORREA MEJIA BIBLIOTECA PÚBLICA MUNICIPAL RAMON CORREA MEJIA Colección general 27/06/2016 Donación   242.33 L789c 37729 29/11/2023 Ej.1 29/11/2023 Libros

Powered by Koha